|
|
|
|
| LEADER |
01307nam a2200265 a 4500 |
| 001 |
GR-Patra24345 |
| 003 |
GR-PaULI |
| 005 |
20230410112828.0 |
| 008 |
020227s2003 gr e b 001 b eng d |
| 952 |
|
|
|0 0
|1 0
|2 ddc
|4 0
|6 616_706000000000000_515_CLI
|7 0
|9 305032
|a LISP
|b LISP
|c BSC
|d 2021-01-17
|e 24
|f
|g 0.00
|i 35989
|l 0
|o 616.706 515 CLI
|p 025000299518
|r 2021-01-17 00:00:00
|t 2
|v 2021.00
|w 2021-01-17
|y BK15
|e 24
|e
|x
|x
|x GrPaTEI
|
| 952 |
|
|
|0 0
|1 0
|2 ddc
|4 0
|6 616_706515000000000_CLI
|7 1
|9 305033
|a LISK
|b LISK
|c BSC
|d 2021-01-17
|e 24
|f 0
|g 0.00
|l 0
|o 616.706515 CLI
|p 92410035988
|r 2021-01-17 00:00:00
|t 1
|w 2021-01-17
|y BKN
|x 20080218 0 0
|x GrPaTEI
|
| 999 |
|
|
|c 176632
|d 176632
|
| 020 |
|
|
|a 0323011861
|
| 040 |
|
|
|a GR-PaULI
|b gre
|c GR-PaULI
|e AACR2
|
| 082 |
0 |
4 |
|a 616.706 515
|2 23
|
| 245 |
0 |
0 |
|a Clinical orthopaedic rehabilitation /
|c [editors] S. Brent Brotzman, Kevin E. Wilk ; managing editor, Kay Daugherty.
|
| 250 |
|
|
|a 2nd ed.
|
| 260 |
|
|
|a Philadelphia :
|b Mosby,
|c c2003.
|
| 300 |
|
|
|a xv, 652 σ. :
|b εικ. ;
|c 29 εκ.
|
| 504 |
|
|
|a Περιλαμβάνει βιβλιογραφίες και ευρετήριο.
|
| 650 |
|
4 |
|a Ορθοπαιδική
|9 2770
|
| 700 |
1 |
|
|a Brotzman, S. Brent
|9 196867
|e επιμελητής.
|
| 700 |
1 |
|
|a Wilk, Kevin E.
|9 195696
|e επιμελητής.
|
| 942 |
|
|
|2 ddc
|c BK
|
| 998 |
|
|
|c ΜΠΟΥΡΑΣ
|d 2023-04
|